Ne tombez pas dans les trous ! - Mort subite - Statistiques

Statistiques générales
  • Ce quiz a été pris 3 813 fois
  • Le résultat moyen est 10 sur 37
Answers on the Grid
Answers color-coded by a green-red scale on the quiz's grid according to % correct below.
 
Statistiques - réponses
Réponse % Correct
29%
28%
28%
28%
28%
28%
28%
27%
27%
27%
27%
27%
27%
27%
26%
26%
26%
26%
26%
26%
26%
26%
26%
25%
25%
25%
25%
25%
25%
25%
25%
25%
25%
25%
25%
24%
24%
Aucun quiz correspondant
Distribution des résultats
% des personnes avec chaque résultat
Percentile par nombre de réponses
Votre historique - résultats
Vous n’avez pas pris ce quiz